UBT Library

A history of the English-speaking peoples. (Record no. 44791)

000 -LEADER
fixed length control field 00706cam a22002531 4500
001 - CONTROL NUMBER
control field 6525717
005 - DATE AND TIME OF LATEST TRANSACTION
control field 20180312101257.0
008 - FIXED-LENGTH DATA ELEMENTS--GENERAL INFORMATION
fixed length control field 731010m19561958enkab 000 0 eng c
010 ## - LIBRARY OF CONGRESS CONTROL NUMBER
LC control number 56003775
035 ## - SYSTEM CONTROL NUMBER
System control number (OCoLC)715491
040 ## - CATALOGING SOURCE
Original cataloging agency Rosenwald Coll.
Transcribing agency OKentU
Modifying agency OCoLC
-- DLC
041 ## - LANGUAGE CODE
Language code of text/sound track or separate title eng
042 ## - AUTHENTICATION CODE
Authentication code premarc
080 ## - UNIVERSAL DECIMAL CLASSIFICATION NUMBER
Universal Decimal Classification number 942 CHUR
082 ## - DEWEY DECIMAL CLASSIFICATION NUMBER
Classification number 942 CHUR
100 1# - Rafti
Rafti 16
101 ## - Shkurtesa
Shkurtesa HIS
245 12 - TITLE STATEMENT
Title A history of the English-speaking peoples.
510 4# - CITATION/REFERENCES NOTE
Name of source Library of Congress. Lessing J. Rosenwald collection,
Location within source 2301
906 ## - LOCAL DATA ELEMENT F, LDF (RLIN)
a 7
b cbc
c oclcrpl
d u
e ncip
f 19
g y-gencatlg
942 ## - ADDED ENTRY ELEMENTS (KOHA)
Source of classification or shelving scheme
Item type Books
987 ## - LOCAL ROMANIZATION/CONVERSION HISTORY (OCLC)
Agency that converted, created or reviewed RBSCDRECON
Date of conversion or review 20171025
Status code r
Note BIB FILE MAINT.
Holdings
Withdrawn status Lost status Source of classification or shelving scheme Damaged status Not for loan Collection code Permanent location Current location Shelving location Date acquired Total Checkouts Full call number Barcode Date last seen Price effective from Koha item type
          Koleksioni i përgjithshem UBT - Lipjan UBT - Lipjan Koleksioni i përgjithshem 03/12/2018   942 CHUR 002-3001577 03/12/2018 03/12/2018 Books
UBT Library © 2015-2024. All rights reserved University Education for Business and Technology